[Event "Titled Tue 3rd Jun Early"]
[Site "chess.com INT"]
[Date "2025.06.03"]
[Round "4"]
[White "Marchesich, Giovanni"]
[Black "Coe, William"]
[Result "1-0"]
[WhiteTitle "CM"]
[WhiteElo "2219"]
[BlackElo "2078"]
[WhiteFideId "2824790"]
[BlackFideId "30913624"]
[EventDate "2025.06.03"]

1. d4 Nf6 2. Nc3 d5 3. Bf4 e6 4. a3 Bd6 5. e3 O-O 6. Nf3 c6 7. Bd3 b6 8. O-O Ba6
9. Ne5 Bxd3 10. cxd3 Nfd7 11. Nxc6 Nxc6 12. Bxd6 Re8 13. Nb5 Rc8 14. Rc1 Nf6 15.
Bg3 Re7 16. Nd6 Rcc7 17. Nb5 Rc8 18. b4 g6 19. Nd6 Rcc7 20. Nb5 Rc8 21. h3 a6
22. Nc3 b5 23. Qb3 Rd7 24. Rc2 Ne7 25. Rfc1 Nf5 26. Be5 Ne8 27. a4 f6 28. Bh2
Ned6 29. g4 Nh4 30. Bg3 Nf3+ 31. Kg2 Ng5 32. axb5 axb5 33. Bxd6 Rxd6 34. Nxb5
Rxc2 35. Qxc2 Rd7 36. Qc8 Kf7 37. Qxd8 Rxd8 38. Rc7+ Kg8 39. Nc3 Nf7 40. b5 Nd6
41. Rc6 1-0

[Event "Titled Tue 3rd Jun Early"]
[Site "chess.com INT"]
[Date "2025.06.03"]
[Round "4"]
[White "Vyom Malhotra"]
[Black "Parfenov, Viktor N."]
[Result "1-0"]
[WhiteTitle "CM"]
[BlackTitle "CM"]
[WhiteElo "1975"]
[BlackElo "2193"]
[WhiteFideId "33383561"]
[BlackFideId "4165969"]
[EventDate "2025.06.03"]

1. e4 e5 2. Nf3 Nc6 3. Bc4 Nf6 4. d4 exd4 5. e5 d5 6. Bb5 Ne4 7. Nxd4 Bc5 8. Be3
O-O 9. Nxc6 bxc6 10. Bxc5 Nxc5 11. Bxc6 Rb8 12. Qxd5 Qxd5 13. Bxd5 Rxb2 14. Na3
Ba6 15. Bb3 Nxb3 16. axb3 Re8 17. O-O-O Ra2 18. Nb1 f6 19. Nc3 Ra1+ 20. Kb2 Rxd1
21. Rxd1 Rxe5 22. Ra1 Re6 23. Nd5 Bb7 24. Nf4 Re4 25. Nd3 Re2 26. Rxa7 Be4 27.
Kc3 Bxd3 28. Kxd3 Rxf2 29. Rxc7 Rxg2 30. b4 f5 31. b5 Rg6 32. c4 f4 33. c5 f3
34. Ke3 Rf6 35. Kf2 Rf5 36. b6 1-0

[Event "Titled Tue 3rd Jun Early"]
[Site "chess.com INT"]
[Date "2025.06.03"]
[Round "4"]
[White "Khumalo, Keith"]
[Black "Reshetnikov, Alexey"]
[Result "0-1"]
[WhiteTitle "CM"]
[BlackTitle "IM"]
[WhiteElo "2142"]
[BlackElo "2492"]
[WhiteFideId "14319470"]
[BlackFideId "4162080"]
[EventDate "2025.06.03"]

1. d4 d5 2. c4 e6 3. Nf3 Nf6 4. g3 Be7 5. Bg2 O-O 6. O-O c6 7. Qc2 Nbd7 8. Nbd2
b6 9. e4 Ba6 10. e5 Ne8 11. Re1 Nc7 12. b3 Rc8 13. Bb2 c5 14. dxc5 Bxc5 15. Rad1
Qe7 16. Qb1 Rfd8 17. cxd5 Nxd5 18. Ne4 Bb4 19. Nd6 Bxe1 20. Nxc8 Bxf2+ 21. Kxf2
Rxc8 22. Bd4 Nc3 23. Bxc3 Rxc3 24. Kg1 Qc5+ 25. Kh1 Nf8 26. Ng5 Qxe5 27. Qb2 Qc7
28. Ne4 Rc2 29. Qa3 Bb7 30. Bf3 h6 31. Kg1 f5 32. Nd2 Bxf3 33. Nxf3 Qc3 34. Rd8
Qe3+ 0-1

[Event "Titled Tue 3rd Jun Early"]
[Site "chess.com INT"]
[Date "2025.06.03"]
[Round "4"]
[White "Galperin, Platon"]
[Black "Haussernot, Cecile"]
[Result "1-0"]
[WhiteTitle "GM"]
[BlackTitle "WIM"]
[WhiteElo "2494"]
[BlackElo "2108"]
[WhiteFideId "14165414"]
[BlackFideId "601632"]
[EventDate "2025.06.03"]

1. c4 c6 2. d4 d5 3. cxd5 cxd5 4. Bf4 Nf6 5. e3 Nc6 6. Nc3 a6 7. Bd3 g6 8. h3
Bg7 9. Nf3 O-O 10. O-O h6 11. Ne5 Nh5 12. Nxc6 bxc6 13. Bh2 f5 14. Ne2 Nf6 15.
Rc1 Bd7 16. Be5 g5 17. Nc3 Ne4 18. Bxg7 Kxg7 19. Na4 Rb8 20. f3 Ng3 21. Re1 e5
22. dxe5 Qe7 23. Nc5 Rxb2 24. f4 Bc8 25. Rc2 Rb4 26. Qd2 a5 27. a3 Rb8 28. Qxa5
gxf4 29. exf4 Ne4 30. Bxe4 fxe4 31. Rf1 Rb5 32. Qc3 Bf5 33. g4 Bh7 34. f5 Qg5
35. Ne6+ 1-0

[Event "Titled Tue 3rd Jun Early"]
[Site "chess.com INT"]
[Date "2025.06.03"]
[Round "4"]
[White "Waldhausen Gordon, Frederick"]
[Black "Aghaei, Alireza"]
[Result "1-0"]
[WhiteTitle "FM"]
[BlackTitle "CM"]
[WhiteElo "2397"]
[BlackElo "2204"]
[WhiteFideId "2409143"]
[BlackFideId "12509914"]
[EventDate "2025.06.03"]

1. Nf3 Nf6 2. c4 g6 3. g3 Bg7 4. Bg2 c5 5. O-O O-O 6. d4 cxd4 7. Nxd4 d5 8. cxd5
Nxd5 9. Nc3 Nxc3 10. bxc3 a6 11. Rb1 e5 12. Nb3 Qc7 13. Ba3 Rd8 14. Qc2 Nc6 15.
Nc5 Rb8 16. Rfd1 b6 17. Rxd8+ Nxd8 18. Qd3 Bf8 19. Nxa6 Bxa6 20. Qxa6 Bc5 21.
Bd5 Qd6 22. Bxc5 Qxc5 23. c4 Nc6 24. Rb5 Qd6 25. Rxb6 Rxb6 26. Qxb6 1-0

[Event "Titled Tue 3rd Jun Early"]
[Site "chess.com INT"]
[Date "2025.06.03"]
[Round "4"]
[White "Lira, Suan Bruno Fernandes"]
[Black "Murawski, Jan"]
[Result "1-0"]
[BlackTitle "CM"]
[WhiteElo "2163"]
[BlackElo "2191"]
[WhiteFideId "22794620"]
[BlackFideId "21009287"]
[EventDate "2025.06.03"]

1. e4 g6 2. d4 Bg7 3. Nc3 c5 4. dxc5 Bxc3+ 5. bxc3 Nf6 6. e5 Ne4 7. Qd4 Qa5 8.
e6 f6 9. Bd2 Nxd2 10. exd7+ Bxd7 11. Qxd2 Qxc5 12. Nf3 Nc6 13. Rb1 O-O-O 14. Rb5
Qa3 15. Bd3 a6 16. Rb3 Qc5 17. O-O Bg4 18. Qf4 Bxf3 19. Qxf3 Rd7 20. Rfb1 Ne5
21. Qh3 Qc6 22. Rxb7 Qxb7 23. Rxb7 Kxb7 24. f4 Nxd3 25. Qxd7+ 1-0

[Event "Titled Tue 3rd Jun Early"]
[Site "chess.com INT"]
[Date "2025.06.03"]
[Round "4"]
[White "Tursunalieva, Nurelina"]
[Black "Daianu, Cristian-Clement"]
[Result "0-1"]
[WhiteTitle "WCM"]
[BlackTitle "FM"]
[WhiteElo "1810"]
[BlackElo "2205"]
[WhiteFideId "13817329"]
[BlackFideId "1208926"]
[EventDate "2025.06.03"]

1. e4 c5 2. d4 cxd4 3. c3 d5 4. exd5 Nf6 5. cxd4 Nxd5 6. Nf3 g6 7. Be2 Bg7 8.
O-O O-O 9. Nc3 Nc6 10. Be3 b6 11. Nxd5 Qxd5 12. Qd3 Bb7 13. Rfd1 Rac8 14. a3 Na5
15. b4 Nc4 16. Qb3 b5 17. Bxc4 Rxc4 18. Qd3 Rfc8 19. Rac1 Rxc1 20. Rxc1 Rxc1+
21. Bxc1 e5 22. Bb2 e4 23. Qe3 exf3 24. gxf3 Qxf3 25. Qxf3 Bxf3 26. Kf1 Kf8 27.
Ke1 Ke7 28. Kd2 Kd6 29. Ke3 Bd5 30. Bc3 f5 31. f4 h6 32. h4 Bf6 33. Be1 g5 34.
hxg5 hxg5 35. Bg3 gxf4+ 36. Bxf4+ Ke6 37. Kd3 Be4+ 38. Kc3 Kd5 39. Be3 Bh4 40.
Bf4 Be1+ 41. Kb3 Kxd4 42. Bb8 a6 43. a4 Kd3 44. axb5 axb5 45. Ba7 Bd5+ 46. Ka3
Kc4 47. Bc5 f4 48. Bd6 f3 49. Bc5 Bxb4+ 50. Bxb4 f2 51. Ba5 f1=Q 52. Bb4 Qa1# 0-1

[Event "Titled Tue 3rd Jun Early"]
[Site "chess.com INT"]
[Date "2025.06.03"]
[Round "4"]
[White "Sarana, Alexey"]
[Black "Sturt, Raven"]
[Result "1-0"]
[WhiteTitle "GM"]
[BlackTitle "GM"]
[WhiteElo "2686"]
[BlackElo "2459"]
[WhiteFideId "24133795"]
[BlackFideId "2007304"]
[EventDate "2025.06.03"]

1. e4 e5 2. Nf3 Nc6 3. Bb5 Nd4 4. Nxd4 exd4 5. O-O c6 6. Bc4 Nf6 7. Re1 d6 8. d3
Be7 9. Nd2 a5 10. a4 Be6 11. Bxe6 fxe6 12. e5 dxe5 13. Nf3 e4 14. dxe4 c5 15.
Qd3 O-O 16. Qc4 Ra6 17. Bd2 Nd7 18. Qb5 Rb6 19. Bxa5 Bd6 20. Bxb6 Nxb6 21. e5
Bc7 22. Qxc5 Nd5 23. Qxd4 Bb6 24. Qg4 Qc8 25. Rad1 Nf4 26. Rd2 Qc4 27. h3 h5 28.
Qg3 Qxa4 29. Ng5 Qc4 30. Ne4 Qc6 31. Nf6+ 1-0

[Event "Titled Tue 3rd Jun Early"]
[Site "chess.com INT"]
[Date "2025.06.03"]
[Round "4"]
[White "Saydaliev, Saidakbar"]
[Black "Gyurjinyan, Valter"]
[Result "1-0"]
[WhiteTitle "IM"]
[BlackTitle "CM"]
[WhiteElo "2460"]
[BlackElo "2208"]
[WhiteFideId "14203693"]
[BlackFideId "13318179"]
[EventDate "2025.06.03"]

1. Nf3 Nf6 2. c4 e6 3. g3 d5 4. Bg2 Be7 5. O-O O-O 6. d3 a5 7. Nc3 b6 8. cxd5
exd5 9. d4 c6 10. Ne5 Bd6 11. Bg5 h6 12. Bxf6 Qxf6 13. e4 Bxe5 14. dxe5 Qxe5 15.
exd5 cxd5 16. Nxd5 Ra7 17. Re1 Qxb2 18. Ne7+ Kh8 19. Qd6 Nd7 20. Rac1 Ba6 21.
Nc6 Rb7 22. Ne5 Nxe5 23. Qxf8+ Kh7 24. Be4+ g6 25. Rc8 1-0

[Event "Titled Tue 3rd Jun Early"]
[Site "chess.com INT"]
[Date "2025.06.03"]
[Round "4"]
[White "Aranda, Juan Manuel"]
[Black "Langheinrich, Ferenc"]
[Result "0-1"]
[WhiteTitle "CM"]
[BlackTitle "IM"]
[WhiteElo "2134"]
[BlackElo "2346"]
[WhiteFideId "160458"]
[BlackFideId "4641973"]
[EventDate "2025.06.03"]

1. Nf3 d5 2. g3 Nf6 3. Bg2 c6 4. O-O Bg4 5. d3 Nbd7 6. c4 e6 7. b3 a5 8. a3 Be7
9. Bb2 O-O 10. Nbd2 h6 11. h3 Bf5 12. Re1 Bh7 13. e4 dxe4 14. Nxe4 Nxe4 15. dxe4
Nc5 16. Nd2 Nd3 17. Qc2 Nxe1 18. Rxe1 Qd7 19. Qc3 Bf6 20. e5 Be7 21. Ne4 Bxe4
22. Bxe4 Rfd8 23. Qf3 Qd2 24. Bc3 Qa2 25. Bb1 Qxb3 26. Qe4 g6 27. Qe3 Bg5 28. f4
Be7 29. f5 Bc5 30. Qxc5 Qxc3 31. Rf1 Qxg3+ 0-1

[Event "Titled Tue 3rd Jun Early"]
[Site "chess.com INT"]
[Date "2025.06.03"]
[Round "4"]
[White "Antoniou, Rafail"]
[Black "Sabatier, Mathis"]
[Result "1-0"]
[WhiteTitle "CM"]
[BlackTitle "CM"]
[WhiteElo "2134"]
[BlackElo "2235"]
[WhiteFideId "5904390"]
[BlackFideId "26029685"]
[EventDate "2025.06.03"]

1. d4 d5 2. Nf3 Nf6 3. Bf4 c5 4. e3 Nc6 5. Nbd2 e6 6. Bb5 Bd7 7. O-O a6 8. Be2
cxd4 9. exd4 Nh5 10. Be3 Bd6 11. Ne5 Nf6 12. Bf4 Qe7 13. c3 O-O 14. Bd3 b5 15.
Re1 b4 16. Nf1 bxc3 17. bxc3 Rab8 18. Ng3 a5 19. Nf5 exf5 20. Nxc6 Bxc6 21. Rxe7
Bxe7 22. Bxb8 Rxb8 23. Rb1 Re8 24. Bb5 Bxb5 25. Rxb5 Ne4 26. Qd3 Bf6 27. Rxd5 g6
28. Rxa5 Nd6 29. g3 f4 30. Ra6 Ne4 31. Kg2 Bg7 32. a4 h5 33. a5 Ng5 34. gxf4 Ne6
35. Rxe6 Rxe6 36. a6 Re7 37. Qb5 Bh6 38. Qb8+ Kh7 39. a7 1-0

[Event "Titled Tue 3rd Jun Early"]
[Site "chess.com INT"]
[Date "2025.06.03"]
[Round "4"]
[White "Demchenko, Yaroslav"]
[Black "Gelman, Alexander"]
[Result "1-0"]
[WhiteTitle "CM"]
[BlackTitle "IM"]
[WhiteElo "2286"]
[BlackElo "2403"]
[WhiteFideId "14186667"]
[BlackFideId "4118316"]
[EventDate "2025.06.03"]

1. e4 e5 2. Nf3 d6 3. d4 exd4 4. Nxd4 Nf6 5. Nc3 Be7 6. f3 O-O 7. Be3 Nc6 8. Qd2
a6 9. O-O-O Nxd4 10. Bxd4 Be6 11. g4 b5 12. Kb1 b4 13. Na4 c5 14. Bxf6 Bxf6 15.
Qxd6 Qa5 16. Qxc5 Qxa4 17. b3 Rfd8 18. Bc4 Qa3 19. e5 Bg5 20. Bxe6 fxe6 21. Qc6
Bd2 22. Rxd2 Rxd2 23. Qxa8+ Kf7 24. Qb7+ Kg6 25. Qe4+ 1-0

[Event "Titled Tue 3rd Jun Early"]
[Site "chess.com INT"]
[Date "2025.06.03"]
[Round "4"]
[White "Csonka, Balazs"]
[Black "Lamard, Guillaume"]
[Result "1-0"]
[WhiteTitle "IM"]
[BlackTitle "GM"]
[WhiteElo "2469"]
[BlackElo "2500"]
[WhiteFideId "742910"]
[BlackFideId "600261"]
[EventDate "2025.06.03"]

1. e4 c6 2. d4 d5 3. e5 Bf5 4. h4 h5 5. Bd3 Bxd3 6. Qxd3 e6 7. Bg5 Be7 8. Nf3
Nh6 9. Nc3 Nf5 10. Ne2 c5 11. dxc5 Qa5+ 12. c3 Qxc5 13. Ned4 Nxd4 14. cxd4 Qb4+
15. Bd2 Qb6 16. O-O Nc6 17. Rab1 Rc8 18. b4 a6 19. a4 Nxb4 20. Bxb4 Bxb4 21. Ng5
a5 22. Rfd1 Rc4 23. Kh2 Qc7 24. Qf3 Be7 25. Qxf7+ 1-0

[Event "Titled Tue 3rd Jun Early"]
[Site "chess.com INT"]
[Date "2025.06.03"]
[Round "4"]
[White "Shymanskyi, Oleksandr"]
[Black "Vlassov, Nikolai"]
[Result "0-1"]
[WhiteTitle "FM"]
[BlackTitle "IM"]
[WhiteElo "2218"]
[BlackElo "2291"]
[WhiteFideId "14168880"]
[BlackFideId "4103360"]
[EventDate "2025.06.03"]

1. e4 Nc6 2. Nf3 d5 3. exd5 Qxd5 4. Nc3 Qa5 5. Bc4 Bg4 6. d3 Nf6 7. Bd2 Qh5 8.
Bb5 e6 9. Qe2 Bb4 10. Bxc6+ bxc6 11. O-O-O O-O 12. h3 Bxf3 13. gxf3 Nd5 14. Ne4
Bxd2+ 15. Qxd2 Qxf3 16. Rdg1 Qf4 17. Qxf4 Nxf4 18. Kd2 f5 19. Nc5 Rad8 20. a4
Rd5 21. Nb3 Rb8 22. h4 Nxd3 23. Kc3 Nxf2 24. Rh2 Ne4+ 25. Kc4 a5 26. c3 Nd6# 0-1

[Event "Titled Tue 3rd Jun Early"]
[Site "chess.com INT"]
[Date "2025.06.03"]
[Round "4"]
[White "Mihajlovskij, Sergei"]
[Black "Hauser, Carlos"]
[Result "0-1"]
[BlackTitle "CM"]
[WhiteElo "2292"]
[BlackElo "2219"]
[WhiteFideId "13500805"]
[BlackFideId "24608238"]
[EventDate "2025.06.03"]

1. e4 c6 2. Nf3 d5 3. Nc3 Bg4 4. h3 Bxf3 5. Qxf3 e6 6. d4 dxe4 7. Qe3 Nf6 8.
Nxe4 Nxe4 9. Qxe4 Nd7 10. Be3 Qa5+ 11. Bd2 Bb4 12. c3 Be7 13. Bd3 Nf6 14. Qh4
Qb6 15. O-O-O a5 16. Qg3 a4 17. Qxg7 Rg8 18. Qh6 Rxg2 19. Rhg1 a3 20. b3 Rxg1
21. Rxg1 O-O-O 22. Rg7 e5 23. Rxf7 exd4 24. Rxe7 dxc3 25. Bf5+ Kb8 26. Bf4+ Ka8
27. Qxf6 Qxf2 28. Bd3 Qb2+ 29. Kd1 c2+ 30. Ke1 Qxf6 0-1

[Event "Titled Tue 3rd Jun Early"]
[Site "chess.com INT"]
[Date "2025.06.03"]
[Round "4"]
[White "Redor, Menandro"]
[Black "Sava, Robert-Gabriel"]
[Result "0-1"]
[BlackTitle "CM"]
[WhiteElo "2021"]
[BlackElo "2155"]
[WhiteFideId "5222010"]
[BlackFideId "1265725"]
[EventDate "2025.06.03"]

1. d4 Nf6 2. Bf4 e6 3. c3 b6 4. e3 Bb7 5. Nd2 Be7 6. Ngf3 O-O 7. Bd3 d6 8. O-O
Nbd7 9. Bc2 c5 10. Nc4 d5 11. Nd6 Bc6 12. Ne5 Bxd6 13. Nxc6 Qc7 14. Ne5 Nxe5 15.
dxe5 Bxe5 16. Bg3 Bxg3 17. hxg3 e5 18. Qe2 Rad8 19. Rad1 e4 20. Rd2 Qe5 21. Rfd1
Qg5 22. Bb3 Rfe8 23. c4 d4 24. Qd3 exd3 0-1

[Event "Titled Tue 3rd Jun Early"]
[Site "chess.com INT"]
[Date "2025.06.03"]
[Round "4"]
[White "Yanev, Tihomir"]
[Black "Kleiman, Jake"]
[Result "1-0"]
[WhiteTitle "IM"]
[BlackTitle "IM"]
[WhiteElo "2354"]
[BlackElo "2399"]
[WhiteFideId "2910110"]
[BlackFideId "2020041"]
[EventDate "2025.06.03"]

1. d4 Nf6 2. c4 e6 3. Nf3 Bb4+ 4. Nbd2 O-O 5. e3 Be7 6. Bd3 d5 7. O-O c5 8. b3
Nc6 9. Bb2 b6 10. Qe2 Bb7 11. Rac1 Rc8 12. Rfd1 h6 13. dxc5 Bxc5 14. Bb1 Qe7 15.
Nf1 Ba3 16. cxd5 Nxd5 17. Ng3 Bxb2 18. Qxb2 Rfd8 19. Nh5 Nf6 20. Nxf6+ Qxf6 21.
Qxf6 gxf6 22. Be4 Na5 23. Bxb7 Nxb7 24. Rxd8+ Rxd8 25. Kf1 Rd7 26. Ke2 Nc5 27.
Nd4 a5 28. g4 Kf8 29. f3 Ke7 30. Rc4 Kd6 31. Nb5+ Kc6 32. Nd4+ Kb7 33. b4 axb4
34. Rxb4 Rd8 35. Nb5 Ra8 36. Nc3 Ra3 37. Kd2 Kc6 38. Rf4 Nd7 39. Kc2 Kd6 40.
Nb5+ 1-0

[Event "Titled Tue 3rd Jun Early"]
[Site "chess.com INT"]
[Date "2025.06.03"]
[Round "4"]
[White "Shankland, Sam"]
[Black "Ahmad, Khagan"]
[Result "0-1"]
[WhiteTitle "GM"]
[BlackTitle "IM"]
[WhiteElo "2666"]
[BlackElo "2405"]
[WhiteFideId "2004887"]
[BlackFideId "13431552"]
[EventDate "2025.06.03"]

1. d4 Nf6 2. c4 e6 3. Nf3 d5 4. Nc3 Bb4 5. Qa4+ Nc6 6. Bd2 O-O 7. a3 Bxc3 8.
Bxc3 Bd7 9. Qb3 b6 10. e3 Na5 11. Bxa5 bxa5 12. cxd5 Rb8 13. Qc2 exd5 14. Bd3
Bg4 15. Ne5 Qd6 16. Nxg4 Nxg4 17. Bxh7+ Kh8 18. Bf5 Nf6 19. O-O g6 20. Bd3 Kg7
21. Rfc1 Ng4 22. Qxc7 Qxc7 23. Rxc7 Rxb2 24. Rf1 Rd2 25. Bb1 Rb8 26. Rc2 Rd3 27.
Ba2 Nf6 28. Rc5 Rxa3 29. Bxd5 Nxd5 30. Rxd5 Ra2 31. g4 Rb6 32. Kg2 Ra6 33. g5 a4
34. Rd7 a3 35. Rc1 Ra5 36. h4 Rb2 37. d5 a2 38. Rcc7 Rxf2+ 39. Kxf2 a1=Q 40.
Rxf7+ Kg8 41. Rg7+ Qxg7 42. Rxg7+ Kxg7 43. e4 Ra3 44. d6 Rd3 45. e5 Rd5 0-1

[Event "Titled Tue 3rd Jun Early"]
[Site "chess.com INT"]
[Date "2025.06.03"]
[Round "4"]
[White "Harshavardhan, G B"]
[Black "Madaminov, Mukhiddin"]
[Result "0-1"]
[WhiteTitle "IM"]
[BlackTitle "GM"]
[WhiteElo "2441"]
[BlackElo "2520"]
[WhiteFideId "25059009"]
[BlackFideId "14210703"]
[EventDate "2025.06.03"]

1. e4 e5 2. Nc3 Nf6 3. Bc4 Nxe4 4. Qh5 Nd6 5. Bb3 Be7 6. Nf3 Nc6 7. Nxe5 Nxe5 8.
Qxe5 O-O 9. h4 Re8 10. Kf1 b6 11. d4 Bb7 12. h5 Bf6 13. Qf4 h6 14. Qg4 Kh8 15.
Rh3 Ba6+ 16. Kg1 Re1+ 17. Kh2 c6 18. Rb1 Qe7 19. Rg3 Rg8 20. Bxh6 Rxb1 21. Nxb1
Ne4 22. Re3 d5 23. Bf4 Bxd4 24. c3 Bc8 25. Qf3 Bxe3 26. Bxe3 Qh4+ 27. Kg1 Bg4
28. Qxf7 Qxh5 29. Qe7 Re8 30. Qxa7 Ng3 31. fxg3 Rxe3 32. Qxb6 Re1+ 33. Kf2 Qe8 0-1

[Event "Titled Tue 3rd Jun Early"]
[Site "chess.com INT"]
[Date "2025.06.03"]
[Round "4"]
[White "Goncharov, Vladimir"]
[Black "Manon-og, Ramon Jr."]
[Result "0-1"]
[WhiteElo "2077"]
[BlackElo "1913"]
[WhiteFideId "34162256"]
[BlackFideId "5200776"]
[EventDate "2025.06.03"]

1. d4 f5 2. g3 Nf6 3. Bg2 g6 4. Nc3 Bg7 5. h4 O-O 6. Nh3 c6 7. Nf4 d6 8. d5 Qb6
9. h5 g5 10. h6 Bh8 11. Nd3 Nbd7 12. Bxg5 Ne5 13. Nxe5 dxe5 14. Qc1 Ng4 15. e3
f4 16. gxf4 exf4 17. Bxe7 Rf7 18. d6 fxe3 19. O-O Qc5 20. Bh3 exf2+ 21. Kg2 Ne3+
22. Kh1 Bxh3 23. Rg1+ fxg1=Q+ 24. Qxg1+ Bg2+ 25. Kh2 Qh5+ 0-1

[Event "Titled Tue 3rd Jun Early"]
[Site "chess.com INT"]
[Date "2025.06.03"]
[Round "4"]
[White "Sarasketa Irastortza, Oier"]
[Black "Gurevich, Dmitry"]
[Result "0-1"]
[WhiteTitle "CM"]
[BlackTitle "GM"]
[WhiteElo "2190"]
[BlackElo "2347"]
[WhiteFideId "54728207"]
[BlackFideId "2000407"]
[EventDate "2025.06.03"]

1. d4 Nf6 2. c4 a6 3. Nc3 c5 4. d5 b5 5. cxb5 axb5 6. Nxb5 Qa5+ 7. Nc3 Bb7 8.
Bd2 Qb6 9. Qc2 Nxd5 10. Nxd5 Bxd5 11. e4 Bxa2 12. Qc1 Qb7 13. Nf3 Qxe4+ 14. Be2
Bc4 15. O-O Rxa1 16. Qxa1 Bxe2 17. Qa7 f6 18. Qxb8+ Kf7 19. Re1 g5 20. Qa7 g4
21. Ng5+ fxg5 22. Qxc5 Qc6 23. Qxc6 dxc6 24. Rxe2 h6 25. Bc3 Rg8 26. Re4 h5 0-1

[Event "Titled Tue 3rd Jun Early"]
[Site "chess.com INT"]
[Date "2025.06.03"]
[Round "4"]
[White "Lyutsinger, Iren"]
[Black "Piesik, Piotr"]
[Result "0-1"]
[WhiteTitle "FM"]
[BlackTitle "IM"]
[WhiteElo "2266"]
[BlackElo "2436"]
[WhiteFideId "34425969"]
[BlackFideId "1136194"]
[EventDate "2025.06.03"]

1. e4 g6 2. d4 Bg7 3. Nc3 c6 4. Nf3 d6 5. Bc4 Nf6 6. O-O b5 7. Bb3 b4 8. e5 bxc3
9. exf6 Bxf6 10. bxc3 O-O 11. Bh6 Bg7 12. Qd2 a5 13. a4 Ba6 14. Rfe1 Nd7 15. Nh4
d5 16. Nf5 Bxh6 17. Nxh6+ Kg7 18. Re3 Nf6 19. Rh3 Bc8 20. Rh4 Ne4 21. Qf4 g5 22.
Qe5+ f6 23. Nf5+ Kh8 24. Qxe7 Bxf5 25. Qxd8 Raxd8 26. Rh6 Kg7 0-1

[Event "Titled Tue 3rd Jun Early"]
[Site "chess.com INT"]
[Date "2025.06.03"]
[Round "4"]
[White "Miserendino, Alfredo"]
[Black "Neustroev, Victor"]
[Result "0-1"]
[BlackTitle "FM"]
[WhiteElo "2032"]
[BlackElo "2283"]
[WhiteFideId "101800"]
[BlackFideId "4144147"]
[EventDate "2025.06.03"]

1. e4 c5 2. Nf3 e6 3. d4 cxd4 4. Nxd4 a6 5. g3 Nf6 6. Bg2 Qc7 7. O-O Be7 8. Nc3
Nc6 9. Bf4 e5 10. Nxc6 dxc6 11. Bg5 Be6 12. Qe2 O-O 13. a4 b5 14. axb5 axb5 15.
Rxa8 Rxa8 16. h3 Bc4 17. Qf3 Bxf1 18. Bxf1 h6 19. Bxf6 Bxf6 20. Nd1 Bg5 21. h4
Bd2 22. Qd3 Rd8 23. Qe2 Qb6 24. Kg2 Qd4 0-1

[Event "Titled Tue 3rd Jun Early"]
[Site "chess.com INT"]
[Date "2025.06.03"]
[Round "4"]
[White "Gao, Raymond"]
[Black "Sabarez, Iulian"]
[Result "0-1"]
[BlackTitle "CM"]
[WhiteElo "2007"]
[BlackElo "2023"]
[WhiteFideId "2629429"]
[BlackFideId "1251813"]
[EventDate "2025.06.03"]

1. c4 e6 2. Nf3 Nf6 3. g3 d5 4. Bg2 dxc4 5. O-O c5 6. Qc2 Nc6 7. Qxc4 Be7 8. d3
O-O 9. a3 Rb8 10. Be3 b5 11. Qc2 Nd4 12. Bxd4 cxd4 13. Ne5 Bb7 14. Nc6 Bxc6 15.
Qxc6 Qa5 16. b4 Bxb4 17. a4 Rfc8 18. Qf3 bxa4 19. Na3 Bxa3 20. Rxa3 Qb4 21. Rfa1
Rc1+ 22. Rxc1 Qxa3 23. Qf4 Qb2 24. g4 h6 25. h4 a3 26. g5 a2 27. Kh2 hxg5 28.
hxg5 Ng4+ 29. Kg3 e5 30. Qxg4 Qxc1 31. g6 Qf4+ 32. Qxf4 exf4+ 33. Kxf4 a1=Q 0-1

[Event "Titled Tue 3rd Jun Early"]
[Site "chess.com INT"]
[Date "2025.06.03"]
[Round "4"]
[White "Priasmoro, Novendra"]
[Black "Teterev, Vitaly"]
[Result "1-0"]
[WhiteTitle "GM"]
[BlackTitle "GM"]
[WhiteElo "2437"]
[BlackElo "2258"]
[WhiteFideId "7105029"]
[BlackFideId "13501429"]
[EventDate "2025.06.03"]

1. d4 Nf6 2. Nf3 g6 3. g3 Bg7 4. Bg2 O-O 5. O-O d5 6. c4 c6 7. cxd5 cxd5 8. Nc3
Nc6 9. Ne5 e6 10. Nxc6 bxc6 11. Na4 Nd7 12. b3 c5 13. Bb2 Ba6 14. dxc5 Bxb2 15.
Nxb2 Nxc5 16. Rc1 Qb6 17. Re1 Rfc8 18. Qd2 Bb7 19. Rc2 Nd7 20. Rec1 Rxc2 21.
Rxc2 Rc8 22. Nd3 Rxc2 23. Qxc2 e5 24. e3 a5 25. h4 Kg7 26. h5 Qc6 27. Qb2 f6 28.
hxg6 hxg6 29. Qa3 Ba6 30. Qe7+ Kh6 31. Bf1 Bxd3 32. Bxd3 Nc5 33. Qf8+ Kg5 34.
Be2 d4 35. Qh8 dxe3 36. Qh4+ Kf5 37. Qg4# 1-0

[Event "Titled Tue 3rd Jun Early"]
[Site "chess.com INT"]
[Date "2025.06.03"]
[Round "4"]
[White "Ser, Daniel"]
[Black "Andrade, Ivan"]
[Result "1-0"]
[WhiteTitle "CM"]
[BlackTitle "FM"]
[WhiteElo "2005"]
[BlackElo "2161"]
[WhiteFideId "12829404"]
[BlackFideId "14800039"]
[EventDate "2025.06.03"]

1. d4 Nf6 2. Bf4 g6 3. Nc3 Bg7 4. e4 d6 5. Qd2 O-O 6. O-O-O c6 7. Bh6 b5 8. f3
b4 9. Nb1 Qa5 10. h4 Qxa2 11. h5 e5 12. Bxg7 Kxg7 13. hxg6 fxg6 14. dxe5 dxe5
15. Qh6+ Kg8 16. b3 Ba6 17. Nh3 Qa5 18. Ng5 Qc7 19. Qxf8+ Kxf8 20. Ne6+ Ke7 21.
Nxc7 Bb7 22. Nxa8 Bxa8 23. Bc4 Nbd7 24. Bg8 h5 25. g4 Nxg8 26. gxh5 gxh5 27.
Rxh5 Ngf6 28. Rh8 Bb7 29. Nd2 Ba6 30. Ra8 Be2 31. Rh1 a6 32. Rh2 Bb5 33. Nc4 Ke6
34. Rh6 Ke7 35. Ne3 Be2 36. Nf5+ Ke6 37. Re8+ Kf7 38. Re7+ Kg8 39. Rg7+ Kf8 40.
Rh8+ Ng8 41. Rhxg8# 1-0